| 000 | 00482cam a22001931 4500 | ||
|---|---|---|---|
| 001 | sa 68003025 | ||
| 003 | DLC | ||
| 005 | 20260227112448.0 | ||
| 008 | 881028s1967 xx 000 0 beno | ||
| 010 | _asa 68003025 | ||
| 035 | _a(OCoLC)23568024 | ||
| 040 |
_aDLC _cMiU _dDLC |
||
| 050 | 0 | 0 |
_aPK1718.S28 _bA16 1967 |
| 100 | 1 |
_aSanyal, Diptendrakumar, _d1924-1966. |
|
| 245 | 1 | 0 | _aRājapathera pān̐cālī. |
| 260 | _c[1967] | ||
| 300 |
_a229 p. _c23 cm. |
||
| 500 | _aRomanized. | ||
| 999 |
_c79167 _d79167 |
||